000 01282cam a2200325 a 4500
001 EDZ0000084986
003 StDuBDS
005 20161031105152.0
006 m||||||||d||||||||
007 cr |||||||||||
008 120516s1997 enkab fo| 000|0|eng|d
020 _a9781446221846 (ebook) :
_cNo price
040 _aStDuBDS
_beng
_cStDuBDS
_epn
049 _aAlfaisal Main Library
050 4 _aHD58.7
082 0 4 _a302.35
_223
100 1 _aBurrell, Gibson.
245 1 0 _aPandemonium
_h[electronic resource] :
_btowards a retro-organization theory /
_cGibson Burrell.
260 _aLondon :
_bSAGE,
_cc1997.
300 _a1 online resource (244 p.) :
_bill., map.
520 8 _aChallenging the underlying assumptions and values of contemporary linear organisation theory, this book examines what the author sees as wrong with society, and suggests a new style of organisation theory and practice to effect change.
521 _aSpecialized.
588 _aDescription based on print version record.
650 0 _aOrganizational sociology.
655 7 _aElectronic books.
_2local
710 2 _aSage eBooks
776 0 8 _iPrint version :
_z9780803977778
856 4 0 _uhttp://ezproxy.alfaisal.edu/login?url=http://sk.sagepub.com/books/pandemonium
942 _2lcc
_cEBOOKS
999 _c480833
_d480833